| 000 | 01210nam a22003617a 4500 | ||
|---|---|---|---|
| 003 | CHAP | ||
| 005 | 20220817044440.0 | ||
| 008 | 110523s2009 it a rn 00010 eng d | ||
| 010 | _a101261 | ||
| 011 | _a102233 | ||
| 020 | _a9789253062027 | ||
| 035 | _a112921 | ||
| 040 | _cCHAP | ||
| 082 | 0 | 4 |
_a639.2 _bF3y v.507 |
| 110 | 2 | _aFAO | |
| 245 | 1 | 0 |
_aFishing boat construction : _b4. building an undecked fibreglass reinforced plastic boat _c/por Thomas Anmarkrud |
| 260 |
_aRome : _bFAO, _c2009 |
||
| 300 |
_av, 70 p. : _bilus., tablas |
||
| 490 | 0 |
_aDocumento técnico de pesca _v; 507 |
|
| 590 |
_aBATCH-UPD _b10 _c20130110 _lUCH01 _h1232 |
||
| 590 |
_aBATCH-UPD _b10 _c20130410 _lUCH01 _h0801 |
||
| 590 |
_aBATCH-UPD _b10 _c20130914 _lUCH01 _h0342 |
||
| 590 |
_aCONVERSION _b10 _c20130109 _lUCH01 _h1356 |
||
| 650 | 1 | 4 |
_aConstrucción de barcos. _927390 |
| 650 | 1 | 4 |
_aConstrucción _xMateriales de. _927387 |
| 650 | 1 | 4 |
_aPesca _xEmbarcaciones. _987376 |
| 650 | 1 | 4 |
_aPlásticos. _989196 |
| 700 | 1 |
_aAnmarkrud, Thomas _95925 |
|
| 830 | 0 | 0 |
_aDocumento técnico de pesca _v; 507 _933242 |
| 901 | _aBK | ||
| 942 | _cLIBRO | ||
| 949 |
_a639.2 F3y v.507 _bBC _cFAO _d33724002167405 _eFAO1 _gDonaciØn _h114860 _i112921 _sb |
||
| 999 |
_c101261 _d101261 |
||